| 000 | 00653nam a2200217 i 4500 | ||
|---|---|---|---|
| 001 | 106946 | ||
| 003 | ES-MaACL | ||
| 005 | 20250930063110.0 | ||
| 007 | t| | ||
| 008 | 061121s1970 sp r ||||1| cat d | ||
| 100 | 1 |
_aMoragas, Jerónimo de, _d1901-1965 _982915 |
|
| 245 | 1 | 4 |
_aEls inadaptats / _cJerónimo de Moragas. |
| 250 | _a1.ª ed. | ||
| 260 |
_aBarcelona : _bNova Terra, _c1970. |
||
| 300 |
_a324 p. ; _c20 cm. |
||
| 490 | 1 |
_aCol.lecció "Nadal" ; _v25 |
|
| 650 | 4 |
_aNiños inadaptados- _xPsicología. _9166231 |
|
| 830 | 0 |
_aCol.lecció "Nadal" ; _v25 _9185358 |
|
| 852 |
_aES-MaACL _jC-48641 _bR.73265 |
||
| 999 |
_c106946 _d106946 |
||